The practice effect/
Saved in:
| Main Author: | |
|---|---|
| Format: | Book |
| Language: | English |
| Published: |
Bantam Books,
1994
|
| Tags: |
Add Tag
No Tags, Be the first to tag this record!
|
MARC
| LEADER | 00000nam a22000007a 4500 | ||
|---|---|---|---|
| 008 | 210907b ||||| |||| 00| 0 eng d | ||
| 020 | |a 0-553-26981-X | ||
| 100 | |a BRIN, David. | ||
| 245 | |a The practice effect/ |c David Brin |g 277p. | ||
| 260 | |b Bantam Books, |c 1994 |h New York |i 694146 |l PS129 .B76 |m Science fiction – Authorship. |m Title. | ||
| 942 | |a lcc |c BK |e j. o. ifatola |f 07/ 09/ 2021 | ||
| 952 | |0 0 |1 0 |2 lcc |4 0 |6 PS0129 B76 |7 0 |9 3412 |a HOL |b HOL |c LP |d 2021-09-07 |l 0 |o PS129 .B76 |p 2021-67119 |r 2021-09-07 00:00:00 |w 2021-09-07 |y BK | ||
| 999 | |c 1700 |d 1700 | ||